| 000 | 00429nam a2200145Ia 4500 | ||
|---|---|---|---|
| 008 | 231129s2007||||xx |||||||||||||| ||spa|| | ||
| 020 | _a978-958-8272-50-4 | ||
| 040 | _bspa | ||
| 082 | _a671.52 M389f | ||
| 100 | _aMarulanda Arevalo José Luddey | ||
| 245 | 0 | _aFundamentos en la soldadura de los metales | |
| 260 | _c2007 | ||
| 264 | _aUniversidad Tecnológica de Pereira | ||
| 942 |
_2ddc _cBKS |
||
| 999 |
_c14295 _d14295 |
||